[Event "Titled Tue 17th Jun Late"]
[Site "chess.com INT"]
[Date "2025.06.17"]
[Round "10"]
[White "Ersoz, Teoman Guney"]
[Black "Mesquita, Eduardo Barbosa"]
[Result "1-0"]
[WhiteTitle "CM"]
[WhiteElo "2052"]
[BlackElo "2014"]
[WhiteFideId "44537050"]
[BlackFideId "22757163"]
[EventDate "2025.06.17"]

1. d4 d5 2. Nc3 Nf6 3. Bg5 c5 4. e4 dxe4 5. dxc5 Qxd1+ 6. Rxd1 Bg4 7. Be2 Bxe2
8. Ngxe2 Nbd7 9. Bxf6 gxf6 10. Nxe4 f5 11. N4c3 Nxc5 12. Nb5 Rc8 13. Nxa7 Ra8
14. Nb5 Rc8 15. Ned4 e6 16. O-O Be7 17. Rfe1 Kf8 18. b3 Rg8 19. c4 Ne4 20. f3
Nf6 21. Kf1 Kg7 22. Nxf5+ exf5 23. Rxe7 Rge8 24. Rde1 Rxe7 25. Rxe7 Ra8 26. a4
b6 27. Nd6 Kg6 28. Nxf7 Nh5 29. Nd6 Nf4 30. g3 Nd3 31. Re6+ Kg7 32. Nxf5+ Kf7
33. Rxb6 Re8 34. Nd6+ Kf8 35. Nxe8 1-0

[Event "Titled Tue 17th Jun Late"]
[Site "chess.com INT"]
[Date "2025.06.17"]
[Round "10"]
[White "Sroczynski, Maciej"]
[Black "Karas, Eugenia"]
[Result "1-0"]
[WhiteTitle "FM"]
[BlackTitle "WFM"]
[WhiteElo "2236"]
[BlackElo "2124"]
[WhiteFideId "1121472"]
[BlackFideId "463485"]
[EventDate "2025.06.17"]

1. e4 c5 2. Nf3 d6 3. g3 e5 4. Bg2 Ne7 5. O-O g6 6. c3 Bg7 7. d4 cxd4 8. cxd4
O-O 9. Nc3 Bg4 10. dxe5 dxe5 11. Qb3 Qc8 12. Bg5 Nec6 13. Nd5 Nd7 14. Rac1 Qb8
15. Qa3 h6 16. Be3 Nf6 17. h3 Bxf3 18. Bxf3 Nxd5 19. exd5 Nd4 20. Bxd4 exd4 21.
d6 Qd8 22. Rc7 Be5 23. Rxb7 Bxd6 24. Qb3 Rb8 25. Rd1 Rxb7 26. Qxb7 Qf6 27. Kg2
Bc5 28. b4 Bb6 29. a4 a5 30. Rc1 1-0

[Event "Titled Tue 17th Jun Late"]
[Site "chess.com INT"]
[Date "2025.06.17"]
[Round "10"]
[White "Bacus, Dharim"]
[Black "Guerra Mendez, Jose Angel"]
[Result "0-1"]
[WhiteTitle "FM"]
[BlackTitle "GM"]
[WhiteElo "2131"]
[BlackElo "2478"]
[WhiteFideId "5201527"]
[BlackFideId "3508129"]
[EventDate "2025.06.17"]

1. e4 e5 2. Nf3 Nc6 3. Bc4 Bc5 4. c3 Nf6 5. d3 O-O 6. O-O d6 7. h3 a5 8. Nbd2
Ba7 9. Re1 Ne7 10. Nf1 Ng6 11. d4 h6 12. Bb3 Re8 13. Ng3 c6 14. a3 Be6 15. Bxe6
Rxe6 16. dxe5 dxe5 17. Qb3 Qb6 18. Qc2 Qc7 19. Nf5 Rd8 20. Be3 Bxe3 21. Nxe3 Nf4
22. Rad1 Ree8 23. Nf5 Kh7 24. a4 g6 25. Ne3 Kg7 26. Nc4 Rxd1 27. Rxd1 Re6 28.
Qd2 Nxe4 29. Qe3 Nf6 30. Nfxe5 N6d5 31. Qd4 Ne2+ 32. Kf1 Nxd4 33. cxd4 b5 34.
Ne3 Nxe3+ 35. fxe3 Rxe5 36. dxe5 Qxe5 0-1

[Event "Titled Tue 17th Jun Late"]
[Site "chess.com INT"]
[Date "2025.06.17"]
[Round "10"]
[White "Daspres, Loic"]
[Black "Kukushkin, Ivan"]
[Result "0-1"]
[WhiteTitle "CM"]
[BlackTitle "CM"]
[WhiteElo "2207"]
[BlackElo "2008"]
[WhiteFideId "20612281"]
[BlackFideId "11634103"]
[EventDate "2025.06.17"]

1. e4 c5 2. Nf3 Nc6 3. Bb5 Nf6 4. Qe2 a6 5. Bxc6 dxc6 6. h3 Qc7 7. e5 Nd5 8. d3
g6 9. c4 Nb6 10. O-O Bg7 11. Re1 h5 12. Nc3 Bf5 13. Be3 Rd8 14. Rad1 Nd7 15. Bf4
e6 16. Bg5 Rc8 17. d4 cxd4 18. Nxd4 Nxe5 19. Bf4 f6 20. Ne4 O-O 21. c5 Bxe4 22.
Nxe6 Qf7 23. Nxf8 Bd5 24. Rxd5 cxd5 25. Nxg6 Qxg6 26. Be3 Rd8 27. Bd4 Re8 28.
Qd1 Nf3+ 29. Qxf3 Rxe1+ 30. Kh2 Qe4 31. Qc3 Qf4+ 32. g3 Qe4 0-1

[Event "Titled Tue 17th Jun Late"]
[Site "chess.com INT"]
[Date "2025.06.17"]
[Round "10"]
[White "Grabinsky, Vladimir"]
[Black "Borges, Wagner da Silva"]
[Result "0-1"]
[WhiteTitle "IM"]
[BlackTitle "CM"]
[WhiteElo "2192"]
[BlackElo "2062"]
[WhiteFideId "14107074"]
[BlackFideId "2100401"]
[EventDate "2025.06.17"]

1. e4 c5 2. b4 e6 3. bxc5 Bxc5 4. d4 Be7 5. Bd3 Nf6 6. Ne2 d6 7. O-O O-O 8. f4
Nc6 9. c3 b6 10. e5 Nd5 11. Ng3 f5 12. Qe1 Bb7 13. Na3 Rc8 14. exd6 Bxd6 15.
Qxe6+ Kh8 16. Nxf5 Bb8 17. Re1 Nxc3 18. Nc2 Rf6 19. Qe3 Qd5 20. Ne7 Nxe7 0-1

[Event "Titled Tue 17th Jun Late"]
[Site "chess.com INT"]
[Date "2025.06.17"]
[Round "10"]
[White "Zuferi, Enis"]
[Black "Rosen, Eric"]
[Result "1-0"]
[WhiteTitle "FM"]
[BlackTitle "IM"]
[WhiteElo "2339"]
[BlackElo "2377"]
[WhiteFideId "24692530"]
[BlackFideId "2032562"]
[EventDate "2025.06.17"]

1. d4 e6 2. c4 d5 3. Nc3 Nf6 4. cxd5 exd5 5. Bg5 c6 6. e3 Bd6 7. Bd3 h6 8. Bh4
O-O 9. Nge2 Re8 10. h3 a5 11. O-O Na6 12. a3 Nc7 13. Qc2 Ne6 14. Rad1 b5 15. e4
b4 16. exd5 bxc3 17. dxe6 Bxe6 18. Nxc3 g5 19. Bg3 Bxg3 20. fxg3 Qxd4+ 21. Kh2
Kg7 22. Bf5 Qc5 23. Bxe6 Rxe6 24. Rf5 Qe3 25. Rdf1 Rd8 26. R5f3 Qd2 27. Qxd2
Rxd2 28. Rxf6 Rxf6 29. Rxf6 Rxb2 30. Rxc6 Rc2 31. Rc5 Rc1 32. Ne4 Re1 33. Nd6 a4
34. g4 Re3 35. Nf5+ Kg6 36. Nxe3 h5 37. gxh5+ Kxh5 38. g4+ Kh4 39. Nf5# 1-0

[Event "Titled Tue 17th Jun Late"]
[Site "chess.com INT"]
[Date "2025.06.17"]
[Round "10"]
[White "Ferreira, Vitor Hugo Vieira"]
[Black "Mayaud, Raphael"]
[Result "1-0"]
[BlackTitle "CM"]
[WhiteElo "2128"]
[BlackElo "2126"]
[WhiteFideId "2119765"]
[BlackFideId "627151"]
[EventDate "2025.06.17"]

1. e4 d5 2. exd5 Qxd5 3. Nc3 Qa5 4. d4 c6 5. Bc4 Nf6 6. Ne2 g6 7. O-O Bg7 8. Bd2
Qd8 9. f4 O-O 10. Kh1 b5 11. Bb3 a5 12. a3 e6 13. Be3 Nbd7 14. Ng3 Nb6 15. Qd2
Nbd5 16. Nxd5 cxd5 17. c3 Ba6 18. Rfe1 Qb6 19. Bc2 b4 20. axb4 axb4 21. h3 bxc3
22. bxc3 Bc4 23. f5 exf5 24. Bxf5 Rxa1 25. Rxa1 Rb8 26. Rb1 Qc7 27. Bf4 Rxb1+
28. Bxb1 Qb7 29. Bd3 Qb5 30. Bxc4 Qxc4 31. Be5 Ne4 32. Nxe4 dxe4 33. Qf4 Bxe5
34. Qxe5 Qd3 35. d5 e3 36. d6 e2 37. Qe8+ Kg7 38. d7 Qd1+ 39. Kh2 Qxd7 40. Qxd7
e1=Q 41. Qd4+ Kf8 42. c4 Ke7 43. c5 Qe6 44. Qh4+ Qf6 45. Qxf6+ Kxf6 46. Kg3 Ke6
47. Kf4 f6 48. Ke4 Kd7 49. Kd5 f5 50. Ke5 Kc6 51. Kf6 Kxc5 52. Kg7 Kd5 53. Kxh7
g5 54. Kg6 g4 55. Kxf5 gxh3 56. gxh3 Kd6 57. Kf6 Kd7 58. Kf7 Kd8 59. h4 1-0

[Event "Titled Tue 17th Jun Late"]
[Site "chess.com INT"]
[Date "2025.06.17"]
[Round "10"]
[White "Ernst, Luca"]
[Black "Gustafsson, Jan"]
[Result "0-1"]
[WhiteTitle "FM"]
[BlackTitle "GM"]
[WhiteElo "2215"]
[BlackElo "2591"]
[WhiteFideId "45117055"]
[BlackFideId "4625498"]
[EventDate "2025.06.17"]

1. e4 e5 2. Nf3 Nc6 3. Nc3 Nf6 4. Nd5 Bd6 5. Nxf6+ Qxf6 6. Bc4 O-O 7. d3 Bc5 8.
a3 d6 9. h3 Be6 10. Bb5 Nd4 11. Nxd4 Bxd4 12. Qe2 Qg6 13. g4 d5 14. c3 Bb6 15.
Be3 dxe4 16. Bxb6 axb6 17. dxe4 Rfd8 18. Rd1 Qh6 19. Bc4 Rxd1+ 20. Kxd1 Rd8+ 21.
Kc2 Bxc4 22. Qxc4 Qd2+ 23. Kb1 c6 24. Ka2 h6 25. Qb4 Qxf2 26. Qe7 Rd2 27. Rb1
Qc5 28. Qe8+ Kh7 29. Qxf7 Rf2 30. Qxb7 Qxc3 31. Qxb6 Qc4+ 32. Qb3 Qxe4 33. Rd1
Rf3 0-1

[Event "Titled Tue 17th Jun Late"]
[Site "chess.com INT"]
[Date "2025.06.17"]
[Round "10"]
[White "Yazici, Ugur Doga"]
[Black "Zlatin, Alexander"]
[Result "0-1"]
[WhiteTitle "CM"]
[BlackTitle "FM"]
[WhiteElo "2161"]
[BlackElo "2313"]
[WhiteFideId "6363342"]
[BlackFideId "2810549"]
[EventDate "2025.06.17"]

1. d4 d5 2. Nf3 Nf6 3. g3 c6 4. Bg2 Bf5 5. c4 a6 6. cxd5 cxd5 7. Nc3 Nc6 8. O-O
e6 9. Nh4 Bg6 10. Nxg6 hxg6 11. e4 dxe4 12. Nxe4 Qxd4 13. Nxf6+ Qxf6 14. Qb3 Qe7
15. Be3 Qb4 16. Rfc1 Qxb3 17. axb3 Kd7 18. Bb6 Bd6 19. Ra4 Rac8 20. h4 Rh5 21.
Rac4 Rb5 22. Bd4 Nxd4 23. Rxc8 Ne2+ 24. Kf1 Nxc1 25. Rxc1 Rxb3 26. Rc2 Be5 27.
Rd2+ Kc7 28. Rc2+ Kb6 29. Re2 Bxb2 30. Be4 a5 31. Bc2 Rb4 32. Kg2 Bf6 33. Kh3 a4
34. g4 a3 35. Bd3 Rb2 36. Re4 Rb3 37. Re3 a2 0-1

[Event "Titled Tue 17th Jun Late"]
[Site "chess.com INT"]
[Date "2025.06.17"]
[Round "10"]
[White "Pozzari, Simone"]
[Black "Powell, Paul"]
[Result "1-0"]
[WhiteTitle "FM"]
[BlackTitle "CM"]
[WhiteElo "2171"]
[BlackElo "2270"]
[WhiteFideId "2831282"]
[BlackFideId "2005840"]
[EventDate "2025.06.17"]

1. e4 c5 2. Nf3 g6 3. c4 Bg7 4. d4 cxd4 5. Nxd4 Nc6 6. Be3 d6 7. Nc3 Nf6 8. Be2
O-O 9. O-O Bd7 10. Qd2 Rc8 11. b3 a6 12. a4 Ng4 13. Nxc6 bxc6 14. Bd4 e5 15. Be3
Nxe3 16. Qxe3 Be6 17. Rfd1 Qc7 18. a5 Rb8 19. Rab1 Rfd8 20. b4 f5 21. Na4 fxe4
22. Qxe4 Bf5 23. Qe3 Bxb1 24. Rxb1 d5 25. cxd5 cxd5 26. Bxa6 Qc2 27. Ra1 Rxb4
28. Nb6 Rb1+ 29. Rxb1 Qxb1+ 30. Bf1 d4 31. Qg5 Rf8 32. Nd7 d3 33. Nxf8 Bxf8 34.
a6 Qa1 35. a7 Qxa7 36. Bxd3 Qa1+ 37. Bf1 Qd4 38. g3 Bc5 39. Qf6 1-0

[Event "Titled Tue 17th Jun Late"]
[Site "chess.com INT"]
[Date "2025.06.17"]
[Round "10"]
[White "Ferrara, Enzo"]
[Black "Gubajdullin, Alexei"]
[Result "0-1"]
[BlackTitle "FM"]
[WhiteElo "2138"]
[BlackElo "2233"]
[WhiteFideId "137731"]
[BlackFideId "4141202"]
[EventDate "2025.06.17"]

1. d4 Nf6 2. c4 g6 3. Nc3 Bg7 4. e4 d6 5. f4 O-O 6. Nf3 c5 7. d5 e6 8. Be2 exd5
9. cxd5 Bg4 10. O-O Re8 11. h3 Bxf3 12. Bxf3 Nfd7 13. a4 Na6 14. Be3 Nb4 15. Bf2
c4 16. Be2 Nf6 17. Qb1 Nh5 18. g3 f5 19. Bxc4 fxe4 20. Nxe4 Qc8 21. Nxd6 Qxh3
22. Ra3 Bd4 23. Bxd4 Nxg3 24. Nxe8 Rxe8 25. d6+ Kf8 26. d7 Qh1+ 27. Kf2 Ne4+ 28.
Ke3 Qh3+ 29. Rf3 Qxd7 30. Qxe4 Nc2+ 0-1

[Event "Titled Tue 17th Jun Late"]
[Site "chess.com INT"]
[Date "2025.06.17"]
[Round "10"]
[White "Lazaro Azcutia, Miguel"]
[Black "Ivashentseva, Dominika"]
[Result "0-1"]
[WhiteTitle "CM"]
[BlackTitle "WCM"]
[WhiteElo "2275"]
[BlackElo "1969"]
[WhiteFideId "54538254"]
[BlackFideId "34331050"]
[EventDate "2025.06.17"]

1. e4 c5 2. Nf3 Nc6 3. d4 cxd4 4. Nxd4 g6 5. c4 Nf6 6. Nc3 d6 7. Be2 Nxd4 8.
Qxd4 Bg7 9. Bg5 O-O 10. Qe3 Ng4 11. Bxg4 Bxg4 12. f3 Be6 13. b3 Qa5 14. Rc1 f6
15. Bh4 Rae8 16. O-O f5 17. Nd5 Bxd5 18. exd5 Qxa2 19. Qe6+ Rf7 20. Qd7 Kf8 21.
Qxb7 Bd4+ 22. Kh1 Bb6 23. b4 Qa3 24. Rb1 Qc3 25. Qc6 Bd4 26. Bg3 f4 27. Bf2 Bxf2
28. Rxf2 Qd3 29. Rbf1 Rf5 30. Re1 Qc3 31. Ref1 Qxb4 32. Qc7 Qb6 33. Qd7 Qc5 34.
g4 Re5 0-1

[Event "Titled Tue 17th Jun Late"]
[Site "chess.com INT"]
[Date "2025.06.17"]
[Round "10"]
[White "Norman, Kseniya"]
[Black "Manukyan, Sargis A."]
[Result "1-0"]
[WhiteTitle "WFM"]
[BlackTitle "FM"]
[WhiteElo "2069"]
[BlackElo "2294"]
[WhiteFideId "13518780"]
[BlackFideId "13303970"]
[EventDate "2025.06.17"]

1. e4 c5 2. Nc3 d6 3. f4 Nc6 4. Nf3 g6 5. Bb5 Bg7 6. O-O Bd7 7. d3 e6 8. Qe1
Nge7 9. Qh4 O-O 10. f5 gxf5 11. Qg3 fxe4 12. dxe4 Ng6 13. Qxd6 Qe7 14. Qxe7
Ngxe7 15. Be3 b6 16. Rad1 Rfd8 17. Ng5 Be8 18. h4 Nd4 19. Bxe8 Rxe8 20. Nxf7
Nxc2 21. Bg5 Nc6 22. Rd7 Rf8 23. h5 N2d4 24. h6 Be5 25. Nxe5 Rxf1+ 26. Kxf1 Nxe5
27. Rg7+ Kf8 28. Rxh7 Nf7 29. Bf6 e5 30. g4 Ne6 31. Nd5 c4 32. g5 Nexg5 33. Bxg5
Nxg5 34. Rh8+ Kf7 35. Rxa8 Kg6 36. Rxa7 Nxe4 37. h7 Nd2+ 38. Ke2 Ne4 39. h8=Q
Ng5 40. Rg7+ Kf5 41. Qh5 Ke4 42. Qxg5 Kd4 43. Qe3+ Kxd5 44. Rd7+ Kc6 45. Re7 Kb5
46. Rxe5+ Ka6 47. Re6 Kb5 48. Qxb6+ Ka4 49. Qa6+ Kb4 50. Qa3+ Kb5 51. Re5+ Kb6
52. Qc5+ Ka6 53. Re6+ Kb7 54. Qb6+ Kc8 55. Re7 c3 56. Qc7# 1-0

[Event "Titled Tue 17th Jun Late"]
[Site "chess.com INT"]
[Date "2025.06.17"]
[Round "10"]
[White "Svane, Rasmus"]
[Black "Schnaider, Ilan"]
[Result "1-0"]
[WhiteTitle "GM"]
[BlackTitle "IM"]
[WhiteElo "2626"]
[BlackElo "2388"]
[WhiteFideId "4657101"]
[BlackFideId "169013"]
[EventDate "2025.06.17"]

1. Nf3 d5 2. g3 Nd7 3. d4 Ngf6 4. Bg2 Nb6 5. Nc3 h6 6. Qd3 g6 7. e4 dxe4 8. Nxe4
Bg7 9. O-O O-O 10. c3 Nxe4 11. Qxe4 c6 12. Re1 Nd5 13. Bd2 Bf5 14. Qe2 Re8 15.
Rad1 Qc8 16. c4 Nf6 17. Ne5 Nd7 18. Nf3 e5 19. d5 Nc5 20. Be3 Nd3 21. Rxd3 Bxd3
22. Qxd3 e4 23. Qd2 exf3 24. Bxf3 Kh7 25. Kg2 cxd5 26. Qxd5 Re7 27. b4 Qd7 28.
Rd1 Qxd5 29. Rxd5 Rc8 30. c5 Bc3 31. a3 Bb2 32. a4 a6 33. Rd6 Rcc7 34. Rb6 Be5
35. c6 bxc6 36. Bxc6 Re6 37. b5 axb5 38. axb5 Bc3 39. Ra6 Bb4 40. Bd5 Rxa6 41.
bxa6 Rc8 42. a7 Bc5 43. Bxc5 Rxc5 44. a8=Q 1-0

[Event "Titled Tue 17th Jun Late"]
[Site "chess.com INT"]
[Date "2025.06.17"]
[Round "10"]
[White "Tao, Sihan"]
[Black "Beyer, Lorenz"]
[Result "1-0"]
[WhiteTitle "FM"]
[BlackTitle "CM"]
[WhiteElo "2202"]
[BlackElo "2226"]
[WhiteFideId "30982677"]
[BlackFideId "16245393"]
[EventDate "2025.06.17"]

1. d4 d5 2. c4 e6 3. g3 Nf6 4. Bg2 Be7 5. Nf3 O-O 6. O-O a5 7. Qc2 Nc6 8. a3
dxc4 9. Qxc4 a4 10. Bd2 Bd7 11. Rc1 Nd5 12. Qc2 Na5 13. Bxa5 Rxa5 14. Ne5 c5 15.
Nc3 cxd4 16. Nxd5 exd5 17. Nxd7 Qxd7 18. Qc7 Qxc7 19. Rxc7 Bf6 20. Rxb7 g6 21.
Rc1 Ra6 22. Bxd5 Rd6 23. Ba2 Be5 24. Rcc7 Rf6 25. Re7 Bd6 26. Red7 Bc5 27. Kg2
d3 28. e3 Bd6 29. Rb6 Be5 30. Rb5 Rd6 31. Rxd6 Bxd6 32. Rd5 Be7 33. Rxd3 Rb8 34.
b3 axb3 35. Bxb3 Kf8 36. a4 Bb4 37. Bc4 Rc8 38. Bb5 Rc2 39. Rd1 Bc5 40. Kf3 Ra2
41. Re1 g5 42. Re2 Ra1 43. Rc2 Bb6 44. Kg4 h6 45. h4 gxh4 46. Kxh4 Kg7 47. Kg4
Kg6 48. Rc6+ 1-0

[Event "Titled Tue 17th Jun Late"]
[Site "chess.com INT"]
[Date "2025.06.17"]
[Round "10"]
[White "Hansen, Eric"]
[Black "Lisenkov, Svyatoslav"]
[Result "1-0"]
[WhiteTitle "GM"]
[BlackTitle "CM"]
[WhiteElo "2609"]
[BlackElo "2283"]
[WhiteFideId "2606771"]
[BlackFideId "34264183"]
[EventDate "2025.06.17"]

1. e4 c5 2. Nf3 d6 3. c3 Nf6 4. Be2 Bd7 5. d3 e5 6. O-O Be7 7. Re1 O-O 8. Bf1
Nc6 9. h3 Be6 10. a3 Re8 11. b4 Bf8 12. Nbd2 d5 13. b5 Na5 14. exd5 Nxd5 15. c4
Nf4 16. Nxe5 Bd6 17. Ndf3 Ng6 18. Nxg6 hxg6 19. Bb2 b6 20. Qd2 f6 21. Rad1 Qc7
22. g3 Rad8 23. Bg2 Bf5 24. Qc3 Rxe1+ 25. Qxe1 Bf8 26. Qc3 g5 27. d4 cxd4 28.
Rxd4 Rc8 29. Nd2 Bc5 30. Rd5 Be6 31. Qd3 Bxd5 32. Bxd5+ Kh8 33. Qf3 g6 34. Qxf6+
Kh7 35. Ne4 Re8 36. Nxg5+ Kh6 37. Nf7+ Kh7 38. Qg7# 1-0

[Event "Titled Tue 17th Jun Late"]
[Site "chess.com INT"]
[Date "2025.06.17"]
[Round "10"]
[White "Toktomushev, Teimur"]
[Black "Amirkul, Alimzhan"]
[Result "1-0"]
[WhiteTitle "FM"]
[BlackTitle "FM"]
[WhiteElo "2390"]
[BlackElo "2357"]
[WhiteFideId "14176726"]
[BlackFideId "13718428"]
[EventDate "2025.06.17"]

1. d4 Nf6 2. c4 e6 3. Nf3 d5 4. Nc3 Be7 5. Bf4 O-O 6. e3 c5 7. dxc5 Bxc5 8. cxd5
Nxd5 9. Nxd5 exd5 10. a3 Nc6 11. Bd3 Be7 12. O-O Bf6 13. Qc2 h6 14. Rac1 Bg4 15.
Nd2 Rc8 16. Qb1 Qb6 17. h3 Be6 18. b4 a5 19. b5 Ne5 20. Bxe5 Bxe5 21. Rxc8 Rxc8
22. Rc1 Rc5 23. Nb3 Rc7 24. a4 d4 25. Rxc7 Qxc7 26. Nxd4 Bxd4 27. exd4 Qc3 28.
Be4 Qxd4 29. Bxb7 Qxa4 30. b6 Qf4 31. Be4 a4 32. b7 Qb8 33. Qb4 Bc8 34. bxc8=Q+
Qxc8 35. g3 Qc1+ 36. Kg2 a3 37. Qb8+ 1-0

[Event "Titled Tue 17th Jun Late"]
[Site "chess.com INT"]
[Date "2025.06.17"]
[Round "10"]
[White "Suarez, Pedro"]
[Black "Frischmann, Rick"]
[Result "1-0"]
[WhiteTitle "CM"]
[BlackTitle "FM"]
[WhiteElo "2066"]
[BlackElo "2355"]
[WhiteFideId "3007642"]
[BlackFideId "24660752"]
[EventDate "2025.06.17"]

1. d4 d5 2. c4 Nc6 3. Nc3 Nf6 4. Nf3 dxc4 5. e4 Bg4 6. Be3 e6 7. Bxc4 Bb4 8. e5
Nd5 9. Bxd5 Qxd5 10. O-O Bxc3 11. bxc3 Bxf3 12. Qxf3 Qxf3 13. gxf3 Na5 14. Rab1
c6 15. Rfc1 b5 16. a4 a6 17. axb5 axb5 18. Ra1 Kd7 19. Rcb1 Nc4 20. Kf1 f6 21.
f4 Kc7 22. Ke2 Kb7 23. Rg1 Rxa1 24. Rxa1 Rf8 25. Rg1 Rf7 26. Kd3 Nb6 27. Rb1 f5
28. Ra1 Rf8 29. Bc1 Ra8 30. Rxa8 Kxa8 31. Ba3 g6 32. Bc1 Kb7 33. Ba3 Kc8 34. Bc1
Kb7 35. Ba3 Ka6 36. Bc1 Ka5 37. Ba3 Ka4 38. Bc1 Kb3 39. Be3 Nc4 40. Bc1 Nb6 41.
Be3 Na4 42. Bd2 Nb2+ 43. Ke2 Kc2 44. Be1 Na4 45. c4 bxc4 46. Bb4 1-0

[Event "Titled Tue 17th Jun Late"]
[Site "chess.com INT"]
[Date "2025.06.17"]
[Round "10"]
[White "Thomforde-Toates, Noah"]
[Black "Tang, Andrew"]
[Result "1-0"]
[BlackTitle "GM"]
[WhiteElo "2128"]
[BlackElo "2529"]
[WhiteFideId "30951992"]
[BlackFideId "2059630"]
[EventDate "2025.06.17"]

1. d4 d5 2. Bf4 Nf6 3. Nc3 a6 4. e3 e6 5. Nf3 b5 6. Ne5 Bb7 7. g4 b4 8. Na4 Nbd7
9. Qf3 Ne4 10. Bd3 f6 11. Nxd7 Qxd7 12. Bxe4 dxe4 13. Qg3 Qxa4 14. O-O Qd7 15.
g5 Bd6 16. Rac1 O-O 17. Bxd6 cxd6 18. c4 fxg5 19. c5 dxc5 20. Rxc5 Rac8 21. Rfc1
Rxc5 22. Rxc5 Bd5 23. Rc7 Qd8 24. b3 Bxb3 25. axb3 Qd5 26. Kg2 h5 27. Rc5 Qd7
28. Qxg5 Rf5 29. Rxf5 exf5 30. Qg6 a5 31. Qb6 a4 32. Qxb4 axb3 33. Qxb3+ Kh7 34.
Qd1 Kh6 35. Qc1 Qd6 36. Qc5 Qg6+ 37. Kf1 Qf6 38. Qc7 Kg6 39. Qf4 Kf7 40. h4 g6
41. Kg2 Qe7 42. Kg3 Ke8 43. Qb8+ Kf7 44. Qe5 Qxe5+ 45. dxe5 Ke7 46. Kf4 Kf7 47.
Kg5 Ke6 48. Kxg6 Kxe5 49. Kxh5 Ke6 50. Kg5 Ke5 51. h5 Ke6 52. h6 1-0

[Event "Titled Tue 17th Jun Late"]
[Site "chess.com INT"]
[Date "2025.06.17"]
[Round "10"]
[White "Romanchuk, Viktor"]
[Black "Buchenau, Frank"]
[Result "1-0"]
[WhiteTitle "FM"]
[BlackTitle "FM"]
[WhiteElo "2266"]
[BlackElo "2205"]
[WhiteFideId "14109271"]
[BlackFideId "4604350"]
[EventDate "2025.06.17"]

1. d4 e6 2. c4 Nf6 3. Nc3 Bb4 4. e3 O-O 5. Ne2 c6 6. a3 Ba5 7. g3 d5 8. cxd5
cxd5 9. Bg2 Nc6 10. b4 Bc7 11. O-O Bd7 12. Bd2 a5 13. b5 Na7 14. Rb1 Bd6 15. Qb3
Nc8 16. Na4 Nb6 17. Nxb6 Qxb6 18. Nc3 Rfc8 19. Na4 Qd8 20. Rfc1 b6 21. f3 Rab8
22. Bf1 Qe7 23. Rxc8+ Bxc8 24. Nxb6 Rxb6 25. Bxa5 Rb8 26. a4 e5 27. Bc3 exd4 28.
Bxd4 Bc5 29. Qc3 Bxd4 30. Qxd4 Bf5 31. Rb2 Qa3 32. Kf2 Ra8 33. b6 h5 34. Qb4
Qxa4 35. b7 Qxb4 36. bxa8=Q+ Qf8 37. Rb8 1-0

[Event "Titled Tue 17th Jun Late"]
[Site "chess.com INT"]
[Date "2025.06.17"]
[Round "10"]
[White "Zhukovskyi, Oleksandr"]
[Black "Londono Lopez, Donaldo"]
[Result "1-0"]
[WhiteTitle "CM"]
[BlackTitle "FM"]
[WhiteElo "2145"]
[BlackElo "2186"]
[WhiteFideId "14169371"]
[BlackFideId "4462009"]
[EventDate "2025.06.17"]

1. e4 c5 2. Nf3 d6 3. Bb5+ Nd7 4. O-O a6 5. Bd3 Ngf6 6. Re1 g6 7. c3 Bg7 8. Bf1
O-O 9. d4 b5 10. a4 b4 11. e5 Ne8 12. e6 fxe6 13. Ng5 Nc7 14. dxc5 bxc3 15. Nxc3
Nxc5 16. Be3 h6 17. Nf3 Nd7 18. Nd4 Bb7 19. Qb3 Nc5 20. Qc4 Nd5 21. Nxe6 Nxe6
22. Nxd5 Kh7 23. Bd3 Qa5 24. Nxe7 Rf6 25. Nxg6 Nc5 26. b4 Qc7 27. bxc5 Qc6 28.
Ne5+ 1-0

[Event "Titled Tue 17th Jun Late"]
[Site "chess.com INT"]
[Date "2025.06.17"]
[Round "10"]
[White "Guerrero Cataldo, Juan Andres"]
[Black "Sobek, Jaroslav"]
[Result "1-0"]
[WhiteTitle "CM"]
[BlackTitle "FM"]
[WhiteElo "2082"]
[BlackElo "2195"]
[WhiteFideId "3421260"]
[BlackFideId "301388"]
[EventDate "2025.06.17"]

1. c4 c5 2. g3 Nf6 3. Bg2 d5 4. cxd5 Nxd5 5. Nc3 Nc7 6. Nf3 Nc6 7. O-O e5 8. d3
Be7 9. Be3 Rb8 10. Na4 b6 11. a3 Bd7 12. Rc1 O-O 13. Nd2 Nd4 14. Nc3 Be6 15. Nc4
f6 16. h3 Nd5 17. Bd2 Qd7 18. Kh2 Rfd8 19. f4 exf4 20. Bxf4 Nxf4 21. Rxf4 b5 22.
Nd2 b4 23. Nce4 bxa3 24. bxa3 Rb2 25. Nxc5 Bxc5 26. Rxc5 Rdb8 27. Re4 Bf7 28.
Nf3 Ne6 29. Rc2 Rb1 30. Qd2 h5 31. Rec4 h4 32. Rxh4 Ra1 33. a4 Rbb1 34. Rhc4 Ng5
35. Nxg5 fxg5 36. Rc8+ Kh7 37. Qxg5 1-0

[Event "Titled Tue 17th Jun Late"]
[Site "chess.com INT"]
[Date "2025.06.17"]
[Round "10"]
[White "Krishnakumar, Sriram"]
[Black "Beulen, Marcel"]
[Result "1-0"]
[WhiteTitle "FM"]
[BlackTitle "FM"]
[WhiteElo "2197"]
[BlackElo "2359"]
[WhiteFideId "30915856"]
[BlackFideId "1001450"]
[EventDate "2025.06.17"]

1. e4 d5 2. exd5 Qxd5 3. Nc3 Qa5 4. d4 Nf6 5. Bd3 Bf5 6. Ne2 Bxd3 7. Qxd3 e6 8.
O-O c6 9. Qg3 Nbd7 10. Be3 Nd5 11. Nxd5 Qxd5 12. Nf4 Qf5 13. Nd3 O-O-O 14. b4
Nb6 15. a4 Bd6 16. Qh4 Nd5 17. b5 h6 18. bxc6 bxc6 19. Rab1 Kc7 20. Rfd1 Rb8 21.
a5 g5 22. Qh5 Nc3 23. Rxb8 Rxb8 24. Re1 Nd5 25. Qe2 Nxe3 26. fxe3 Qe4 27. Rf1 f5
28. Nf2 Qd5 29. c4 Qxa5 30. e4 fxe4 31. Nxe4 Qb4 32. Rf7+ Kb6 33. Nxd6 Qxd6 34.
c5+ 1-0

[Event "Titled Tue 17th Jun Late"]
[Site "chess.com INT"]
[Date "2025.06.17"]
[Round "10"]
[White "Yilmaz, Mustafa"]
[Black "Xiong, Jeffery"]
[Result "0-1"]
[WhiteTitle "GM"]
[BlackTitle "GM"]
[WhiteElo "2586"]
[BlackElo "2639"]
[WhiteFideId "6302718"]
[BlackFideId "2047640"]
[EventDate "2025.06.17"]

1. Nf3 c5 2. b3 Nf6 3. Bb2 g6 4. g3 Bg7 5. Bg2 d5 6. O-O O-O 7. e3 Nc6 8. Ne5
Qc7 9. Nxc6 bxc6 10. Nc3 Nd7 11. Na4 Bxb2 12. Nxb2 Nb6 13. d4 Ba6 14. Re1 Nd7
15. Na4 Qa5 16. c3 c4 17. Bf1 Bb5 18. Nb2 Qxc3 19. bxc4 Qxb2 20. cxb5 cxb5 21.
Qb3 Qxb3 22. axb3 a6 23. Ra5 Rfc8 24. Rea1 Rab8 25. Rxa6 Nf6 26. b4 Ne4 27. R6a5
Nd6 28. Bg2 e6 29. Ra6 Nc4 30. Ra7 Nd2 31. R7a2 Nb3 32. Rb1 Nc1 33. Rd2 Rc3 34.
Bf1 Kg7 35. Rd1 Nb3 36. Bxb5 Rxb5 0-1